La voz de la chaira / (Registro nro. 23634)
[ vista simple ]
| 000 -CABECERA | |
|---|---|
| campo fijo de control de longitud | 00854nam a22003017a 4500 |
| 001 - NÚMERO DE CONTROL | |
| campo de control | 23634 |
| 003 - IDENTIFICADOR DEL NÚMERO DE CONTROL | |
| campo de control | AR-RoBPED |
| 005 - FECHA Y HORADE LA ULTIMA TRANSACCION | |
| campo de control | 20250415183317.0 |
| 008 - ELEMENTOS DE LONGITUD FIJA--INFORMACION GENERAL | |
| campo fijo de control de longitud | 181126s2011 ag |||||||||||||| 0 spa|d |
| 040 ## - FUENTE CATALOGADORA | |
| Centro catalogador/agencia de origen | AR-RoBPED |
| 041 ## - IDIOMA | |
| Código de idioma para texto/pista de sonido o título independiente | spa |
| 100 1# - ENCABEZAMIENTO PRINCIPAL--AUTOR PERSONAL | |
| 9 (RLIN) | 23154 |
| Nombre de persona | Rosas, Adolfo Norberto |
| 245 13 - TITULO | |
| Título | La voz de la chaira / |
| Mención de responsabilidad | Adolfo Norberto Rosas |
| 250 ## - EDICION | |
| Edición | 1a. ed. |
| 260 ## - PUBLICACION | |
| Lugar | Rosario : |
| Editor | Último recurso, |
| Fecha | 2011. |
| 300 ## - DESCRIPCION FISICA | |
| Extensión | 120 p. |
| 504 ## - NOTA BIBLIOGRAFICA | |
| Bibliografía | Bibliografía: p. 116-118 |
| 650 #4 - TERMINO DE MATERIA--CONTROLADO | |
| 9 (RLIN) | 125 |
| Término controlado | HISTORIA |
| Término controlado | ROSARIO |
| 9 (RLIN) | 302 |
| 9 (RLIN) | 3558 |
| Término controlado | BARRIO SALADILLO |
| 9 (RLIN) | 13894 |
| Término controlado | FRIGORIFICO SWIFT |
| 9 (RLIN) | 2015 |
| Término controlado | SOCIEDAD |
| 9 (RLIN) | 10778 |
| Término controlado | INDUSTRIA DE LA CARNE |
| 9 (RLIN) | 2207 |
| Término controlado | SINDICATOS |
| 9 (RLIN) | 5622 |
| Término controlado | CLASES SOCIALES |
| 942 ## - ELEMENTOS KOHA | |
| Fuente de clasificación | Universal Decimal Classification |
| Koha tipo de ítem | Libro |
| Clasificación | 94(821.61) |
| Signatura librística | R 84 v |
| Estado retirado | Estado perdido | Fuente de clasificación | Estado dañado | No se presta | Biblioteca propietaria | Biblioteca de reserva | Fecha de adquisición | Total de préstamos | Total de renovaciones | Signatura topográfica completa | Código de barras (nº de inventario) | Fecha visto por última vez | Fecha del último préstamo | Tipo de ítem Koha | Nota pública |
|---|---|---|---|---|---|---|---|---|---|---|---|---|---|---|---|
| Universal Decimal Classification | Biblioteca Pedagógica Eudoro Díaz | Biblioteca Pedagógica Eudoro Díaz | 11/10/2018 | 1 | 3 | 94(821.61) R 84 v | 37914 | 13/05/2019 | 12/02/2019 | Libro | Se presta 15 días |